| 000 | 00559nam a22001697a 4500 | ||
|---|---|---|---|
| 090 | _c10131 | ||
| 008 | 080827t xxu||||| |||| 00| 0 eng d | ||
| 020 | _a0958239142 (pbk.) | ||
| 082 |
_222 _a658.022 _bBUR |
||
| 245 |
_aEntrepreneurs toolkit / _cRory Burke. |
||
| 260 |
_aRingwood : Burke ; Lancaster : _bGazelle Drake Academic [distributor], _cc.2006. |
||
| 300 |
_a 157 p. : _b ill., ports. ; _c25 cm. |
||
| 500 | _aDonations. | ||
| 500 | _aDonations - Dr.David Kirby. | ||
| 500 | _a Includes bibliographical references and index. | ||
| 942 |
_2ddc _cBB |
||
| 999 |
_c10131 _d10131 |
||